Λογιστικές εφαρμογές

Αποθηκεύτηκε σε:
Λεπτομέρειες βιβλιογραφικής εγγραφής
Κύριος συγγραφέας: Γεωργαράς, Κ.
Άλλοι συγγραφείς: Μπελέσης, Λ.
Μορφή: Βιβλίο
Γλώσσα:Greek
Δημοσίευση: Αθήνα : Έλλην, c1999
Θέματα:
Ετικέτες: Προσθήκη ετικέτας
Δεν υπάρχουν, Καταχωρήστε ετικέτα πρώτοι!

MARC

LEADER 00000cam a2200000 i 4500
001 1/18862
008 010322s1999 gre d
020 |a 960-286-185-1 
035 |l 10066641 
040 |a GR-MY-UA  |b gre  |e aacr 
041 0 |a gre 
082 0 |a 657 
100 1 |a Γεωργαράς, Κ. 
245 1 0 |a Λογιστικές εφαρμογές /  |c Κ. Γεωργαρά, Λ. Μπελέση 
260 |a Αθήνα :   |b Έλλην,   |c c1999 
300 |a 532 σ. 
500 |a I & II 
650 0 0 |a Accounting  |x Problems, exercises, etc. 
700 1 |a Μπελέσης, Λ. 
852 |a INST  |b CHIOS  |e 20010322  |h 657 ΓΕΩ  |p 005200016869  |q 005200016869  |t BK  |y 0 
901 |a BIBL2-2001-1 
909 |a Χ  |b 082943 
970 |a ΣΑΛΑΜΟΥΡΑ  |b ΜΑΡΙΑ  |z 2001/03/22